Características de los instrumentos de ahorro

Gardado en:
Detalles Bibliográficos
Autor Corporativo: Banco Central de Chile (Author)
Formato: Libro
Idioma:Lingua castelá
Publicado: Santiago Banco Central de Chile 1986
Subjects:
Tags: Engadir etiqueta
Sen Etiquetas, Sexa o primeiro en etiquetar este rexistro!

MARC

LEADER 00000nam a2200000 a 4500
001 UCT6048
003 CL-VaPUC
008 961230e19860000CL |||||||||||||||||spa|d
082 0 4 |a 332.11  |b BAN  |2 21 
110 2 |a Banco Central de Chile  |e author  |9 375765 
245 1 0 |a Características de los instrumentos de ahorro 
300 |a 115 p 
942 |c BK 
945 |d 19961230 00:00:00  |a rleighto 
260 |a Santiago  |b Banco Central de Chile  |c 1986 
600 0 7 |a BANCO CENTRAL DE CHILE  |2 CL-VaPUC  |9 315360 
650 7 |a PAGARES  |2 CL-VaPUC  |9 256446 
650 7 |a DEPOSITOS BANCARIOS  |2 CL-VaPUC  |9 375766 
650 7 |a MONEDA NACIONAL  |2 CL-VaPUC  |9 375767 
650 7 |a MONEDA EXTRANJERA  |2 CL-VaPUC  |9 375768 
650 7 |a POLIZA DE SEGUROS  |2 CL-VaPUC  |9 370073 
650 0 |a Renta vitalicia  |9 351724 
651 7 |a CHILE  |2 CL-VaPUC  |9 375769 
583 |a last modification  |c 19961230 00:00:00  |k Rodrigo Vera 
999 |c 254783  |d 254781